| 000 | 00438nam a2200157Ia 4500 | ||
|---|---|---|---|
| 008 | 230312s9999||||xx |||||||||||||| ||und|| | ||
| 020 | _a81-265-2934-6 | ||
| 082 |
_a621.46 _bBOS-P |
||
| 100 | _aBose;Bimal.K | ||
| 245 | 0 | _aPower Electronics and Variable Frequency Drives | |
| 260 |
_bWiley & Sons _aIndia _c2011 |
||
| 300 | _a640 | ||
| 546 | _aEng. | ||
| 650 |
_aEngineering _vPower Electronics and Variable Frequency Drives |
||
| 942 | _cBK | ||
| 999 |
_c7584 _d7584 |
||